| 000 | 00700nam a2200253 i 4500 | ||
|---|---|---|---|
| 001 | bg | ||
| 100 | 1 | _aGawroński, Piotr Neil. | |
| 245 | 1 | 0 |
_aInterBase dla "delfinów" / _cPiotr Neil Gawroński. |
| 260 |
_aGliwice : _b"Helion", _c2001. |
||
| 300 |
_a97, [1] s. ; _c24 cm. |
||
| 504 | _aBibliogr. | ||
| 650 | 9 |
_aBaza danych _xprogramowanie |
|
| 650 | 9 | _aDelphi | |
| 650 | 9 | _aInterBase | |
| 655 | _aPodręczniki | ||
| 020 | _a8371973187 | ||
| 040 | _cBPK | ||
| 041 | 0 | _apl | |
| 080 | _a004.6:004.42:004.438A/Z](07) | ||
| 920 | _a83-7197-318-7 | ||
| 942 | _cKS | ||
| 008 | s pl f |000 0 pol | ||
| 999 |
_c40207 _d40207 |
||
| 856 |
_uhttp://koha.tu.koszalin.pl/cgi-bin/koha/opac-detail.pl?biblionumber=40207 _yKatalog online BPK |
||